| 000 | 00407nam a2200157Ia 4500 | ||
|---|---|---|---|
| 008 | 210716s2006 xx 000 0 und d | ||
| 020 | _a9781419528125 | ||
| 041 | _aeng | ||
| 082 | _a658.404 RAMW | ||
| 100 | _aRamroth, William G. | ||
| 245 | _aProject management for design professionals. | ||
| 250 | _a1 | ||
| 260 |
_aChicago _bAEC Education _c2006 |
||
| 300 | _axv,286 | ||
| 650 | _aProject Management | ||
| 999 |
_c201590 _d201590 |
||